LEADER 01222cam0 2200265 450 001 E600200060177 005 20160426134739.0 100 $a20100219d1983 |||||ita|0103 ba 101 $aita 102 $aIT 200 1 $aMasiello, La donna tutrice: modelli culturali e prassi giuridica fra gli Antonini e i Severi, pubbl. Fac. giuridica dell'Università di Bari, Napoli, 1979, p. X-107$e[recensione]$f[Oliviero Diliberto] 210 $aMilano$cGiuffrè$d[1983?] 215 $ap. 296-304$d24 cm 300 $a(mm) 300 $aEstr. da: Bullettino dell'Istituto di diritto romano Vittorio Scialoja, ser. 3, vol. 23 700 1$aDiliberto$b, Oliviero$3AF00012748$4070$0224493 801 0$aIT$bUNISOB$c20160426$gRICA 850 $aUNISOB 852 $aUNISOB$jFondo|Casavola|Opusc$m148895 912 $aE600200060177 940 $aM 102 Monografia moderna SBN 941 $aM 957 $aFondo|Casavola|Opusc$b000218$gSi$d148895$hCasavola$rdono$1menle$2UNISOB$3UNISOB$420100219093020.0$520160426134739.0$6petrellap 996 $aMasiello, La donna tutrice: modelli culturali e prassi giuridica fra gli Antonini e i Severi, pubbl. Fac. giuridica dell'Università di Bari, Napoli, 1979, p. X-107$91704450 997 $aUNISOB